MARC details
| 000 -LEADER |
| campo de control de longitud fija |
01641nas a2200409 i 4500 |
| 001 - NÚMERO DE CONTROL |
| campo de control |
386 |
| 003 - IDENTIFICADOR DE NÚMERO DE CONTROL |
| campo de control |
ES-MaACL |
| 005 - FECHA Y HORA DE LA ÚLTIMA TRANSACCIÓN |
| campo de control |
20250814062535.0 |
| 008 - DATOS DE LONGITUD FIJA--INFORMACIÓN GENERAL |
| campo de control de longitud fija |
950801c1914 sp fr p 0 1 |spa d |
| 022 ## - NÚMERO INTERNACIONAL NORMALIZADO PARA PUBLICACIONES SERIADAS |
| Número Internacional Normalizado para Publicaciones Seriadas |
0210-4822 |
| 080 ## - NÚMERO DE LA CLASIFICACIÓN DECIMAL UNIVERSAL |
| Número de la Clasificación Decimal Universal |
06 |
| 080 ## - NÚMERO DE LA CLASIFICACIÓN DECIMAL UNIVERSAL |
| Número de la Clasificación Decimal Universal |
80 |
| 245 00 - MENCIÓN DEL TÍTULO |
| Título |
Boletín de la Real Academia Española. |
| 260 ## - PUBLICACIÓN, DISTRIBUCIÓN, ETC. |
| Lugar de publicación, distribución, etc. |
Madrid : |
| Nombre del editor, distribuidor, etc. |
Real Academia Española, |
| Fecha de publicación, distribución, etc. |
1914- |
| 300 ## - DESCRIPCIÓN FÍSICA |
| Extensión |
76 v. ; |
| Dimensiones |
25 cm. |
| 310 ## - PERIODICIDAD ACTUAL |
| Periodicidad actual |
Semestral, |
| Fecha de comienzo de la periodicidad actual |
2002- |
| 321 ## - PERIODICIDAD ANTERIOR |
| Periodicidad anterior |
Cuatrimestral, |
| Fechas de la periodicidad anterior |
1945-2001 |
| 321 ## - PERIODICIDAD ANTERIOR |
| Periodicidad anterior |
Irregular, |
| Fechas de la periodicidad anterior |
1914-1944 |
| 362 0# - FECHAS DE PUBLICACIÓN Y/O DESIGNACIÓN SECUENCIAL |
| Fecha de publicación y/o designación secuencial |
Año 1, t. 1, cuaderno 1 (feb. 1914)- |
| 500 ## - NOTA GENERAL |
| Nota general |
No se publicó en 1937-44. |
| 500 ## - NOTA GENERAL |
| Nota general |
Subtítulo del t. 27 (oct. 1947-abril 1948): n. especial para conmemorar el cuarto centenario del nacimiento de Cervantes. |
| 530 ## - NOTA DISPONIBLE DE FORMULARIO FÍSICO ADICIONAL |
| Nota de formato físico adicional disponible |
Disponible en formato digital. |
| 555 8# - NOTA DE ÍNDICE ACUMULATIVO U OTROS INSTRUMENTOS BIBLIOGRÁFICOS |
| Nota de índice acumulativo u otros instrumentos bibliográficos |
Índice acumulado: t. 1-t. 50 (1914-1971) |
| 600 #0 - PUNTO DE ACCESO ADICIONAL DE MATERIA--NOMBRE DE PERSONA |
| Nombre de persona |
Cervantes Saavedra, Miguel de, |
| Fechas asociadas al nombre |
1547-1616- |
| Calificador de atribución |
Aniversarios y centenarios |
| 9 (RLIN) |
221674 |
| 650 #4 - PUNTO DE ACCESO ADICIONAL DE MATERIA--TÉRMINO DE MATERIA |
| Término de materia o nombre geográfico como elemento de entrada |
Instituciones científicas y diversas |
| 9 (RLIN) |
13829 |
| 650 #4 - PUNTO DE ACCESO ADICIONAL DE MATERIA--TÉRMINO DE MATERIA |
| Término de materia o nombre geográfico como elemento de entrada |
Lingüística. Filología. |
| 9 (RLIN) |
14477 |
| 650 #7 - PUNTO DE ACCESO ADICIONAL DE MATERIA--TÉRMINO DE MATERIA |
| Término de materia o nombre geográfico como elemento de entrada |
Lengua española |
| Fuente del encabezamiento o término |
embne |
| 9 (RLIN) |
14115 |
| 650 #4 - PUNTO DE ACCESO ADICIONAL DE MATERIA--TÉRMINO DE MATERIA |
| Término de materia o nombre geográfico como elemento de entrada |
Literatura española- |
| Subdivisión general |
Historia y crítica |
| 9 (RLIN) |
14560 |
| 655 #7 - TERMINO DE INDIZACIÓN--GENERO/FORMA |
| Fuente del término |
tgfbne |
| 9 (RLIN) |
226866 |
| Datos o término principal de género/forma |
Revistas |
| 710 2# - ENTRADA AGREGADA--NOMBRE DE ENTIDAD CORPORATIVA |
| Nombre de entidad corporativa o nombre de jurisdicción como elemento de entrada |
Real Academia Española |
| 9 (RLIN) |
6336 |
| 852 4# - LOCALIZACIÓN |
| Ubicación |
ES-MaACL |
| Número de control de estantería |
HEM-H-132 |
| Encuadernación |
Hem-1167 |
| 856 4# - LOCALIZACIÓN Y ACCESO ELECTRÓNICOS |
| Identificador Uniforme de Recursos |
<a href="http://revistas.rae.es/brae ">http://revistas.rae.es/brae </a> |
| Nota pública |
Boletín de la Real Academia Española |
| 856 4# - LOCALIZACIÓN Y ACCESO ELECTRÓNICOS |
| Identificador Uniforme de Recursos |
<a href="https://dialnet.unirioja.es/servlet/revista?codigo=216">https://dialnet.unirioja.es/servlet/revista?codigo=216</a> |
| Texto de enlace |
Sumarios de la revista en Dialnet |
| 866 #0 - MENCIÓN TEXTUAL DE FONDOS--UNIDAD BIBLIOGRÁFICA BÁSICA |
| Fondos |
1914-35(1936).1945-73(1974f.n.201)1975-76(1977f.n.210)1978-2011. |
| 942 ## - ELEMENTOS DE ENTRADA SECUNDARIOS (KOHA) |
| Fuente del sistema de clasificación o colocación |
Clasificación decimal universal |